DID地区を持つ市区町村 - Statistics

General Stats
  • This quiz has been taken 18 times
  • The average score is 453 of 813
Answer Stats
都道府県 市区町村 % Correct
北海道 稚内市
100%
北海道 札幌市
93%
北海道 函館市
93%
北海道 旭川市
93%
北海道 室蘭市
93%
北海道 釧路市
93%
北海道 帯広市
93%
北海道 苫小牧市
93%
北海道 恵庭市
93%
北海道 小樽市
87%
北海道 北見市
87%
北海道 名寄市
87%
北海道 千歳市
87%
北海道 岩見沢市
80%
北海道 網走市
80%
北海道 江別市
80%
北海道 滝川市
80%
北海道 深川市
80%
北海道 北広島市
80%
北海道 石狩市
80%
北海道 北斗市
80%
岩手県 盛岡市
80%
岩手県 一関市
80%
岩手県 奥州市
80%
宮城県 仙台市
80%
宮城県 石巻市
80%
宮城県 多賀城市
80%
秋田県 秋田市
80%
秋田県 横手市
80%
山形県 山形市
80%
山形県 米沢市
80%
山形県 天童市
80%
福島県 福島市
80%
福島県 会津若松市
80%
福島県 郡山市
80%
福島県 いわき市
80%
福島県 白河市
80%
茨城県 水戸市
80%
茨城県 日立市
80%
茨城県 古河市
80%
茨城県 取手市
80%
茨城県 牛久市
80%
茨城県 つくば市
80%
茨城県 ひたちなか市
80%
栃木県 宇都宮市
80%
栃木県 栃木市
80%
栃木県 日光市
80%
栃木県 那須塩原市
80%
群馬県 前橋市
80%
群馬県 高崎市
80%
群馬県 渋川市
80%
埼玉県 さいたま市
80%
埼玉県 川越市
80%
埼玉県 熊谷市
80%
埼玉県 川口市
80%
埼玉県 秩父市
80%
埼玉県 春日部市
80%
埼玉県 深谷市
80%
埼玉県 上尾市
80%
北海道 留萌市
73%
北海道 紋別市
73%
北海道 根室市
73%
北海道 砂川市
73%
北海道 富良野市
73%
北海道 音更町
73%
青森県 青森市
73%
青森県 弘前市
73%
青森県 八戸市
73%
青森県 五所川原市
73%
青森県 むつ市
73%
岩手県 花巻市
73%
岩手県 北上市
73%
宮城県 塩竈市
73%
宮城県 気仙沼市
73%
宮城県 名取市
73%
宮城県 富谷市
73%
秋田県 能代市
73%
秋田県 由利本荘市
73%
秋田県 大仙市
73%
山形県 鶴岡市
73%
山形県 酒田市
73%
山形県 東根市
73%
茨城県 土浦市
73%
茨城県 石岡市
73%
栃木県 足利市
73%
栃木県 小山市
73%
栃木県 真岡市
73%
栃木県 大田原市
73%
群馬県 太田市
73%
埼玉県 飯能市
73%
埼玉県 本庄市
73%
埼玉県 草加市
73%
埼玉県 越谷市
73%
埼玉県 蕨市
73%
埼玉県 戸田市
73%
埼玉県 富士見市
73%
埼玉県 ふじみ野市
73%
北海道 登別市
67%
北海道 伊達市
67%
青森県 十和田市
67%
岩手県 宮古市
67%
岩手県 滝沢市
67%
宮城県 岩沼市
67%
宮城県 東松島市
67%
宮城県 大崎市
67%
秋田県 大館市
67%
秋田県 湯沢市
67%
山形県 新庄市
67%
山形県 寒河江市
67%
山形県 村山市
67%
福島県 須賀川市
67%
福島県 二本松市
67%
茨城県 龍ケ崎市
67%
茨城県 鹿嶋市
67%
栃木県 佐野市
67%
群馬県 桐生市
67%
群馬県 伊勢崎市
67%
群馬県 沼田市
67%
群馬県 館林市
67%
群馬県 藤岡市
67%
埼玉県 所沢市
67%
埼玉県 加須市
67%
埼玉県 羽生市
67%
埼玉県 桶川市
67%
埼玉県 久喜市
67%
埼玉県 八潮市
67%
千葉県 千葉市
67%
千葉県 野田市
67%
千葉県 佐倉市
67%
千葉県 浦安市
67%
静岡県 清水町
67%
大阪府 大阪市
67%
大阪府 堺市
67%
大阪府 岸和田市
67%
大阪府 豊中市
67%
大阪府 池田市
67%
大阪府 吹田市
67%
大阪府 泉大津市
67%
大阪府 高槻市
67%
大阪府 貝塚市
67%
大阪府 守口市
67%
大阪府 枚方市
67%
大阪府 茨木市
67%
大阪府 八尾市
67%
大阪府 泉佐野市
67%
大阪府 富田林市
67%
大阪府 寝屋川市
67%
大阪府 河内長野市
67%
大阪府 松原市
67%
大阪府 和泉市
67%
大阪府 箕面市
67%
大阪府 羽曳野市
67%
大阪府 門真市
67%
大阪府 摂津市
67%
大阪府 大阪狭山市
67%
大阪府 阪南市
67%
広島県 広島市
67%
広島県 尾道市
67%
広島県 福山市
67%
香川県 高松市
67%
香川県 丸亀市
67%
愛媛県 松山市
67%
愛媛県 今治市
67%
愛媛県 宇和島市
67%
愛媛県 新居浜市
67%
愛媛県 西条市
67%
愛媛県 四国中央市
67%
愛媛県 松前町
67%
高知県 高知市
67%
高知県 南国市
67%
大分県 中津市
67%
鹿児島県 鹿児島市
67%
鹿児島県 鹿屋市
67%
鹿児島県 薩摩川内市
67%
北海道 芦別市
60%
北海道 士別市
60%
北海道 中標津町
60%
岩手県 久慈市
60%
岩手県 釜石市
60%
宮城県 白石市
60%
宮城県 角田市
60%
宮城県 登米市
60%
宮城県 利府町
60%
山形県 上山市
60%
山形県 長井市
60%
福島県 相馬市
60%
茨城県 常総市
60%
茨城県 高萩市
60%
茨城県 笠間市
60%
茨城県 守谷市
60%
茨城県 筑西市
60%
茨城県 つくばみらい市
60%
茨城県 東海村
60%
茨城県 阿見町
60%
栃木県 鹿沼市
60%
栃木県 下野市
60%
栃木県 壬生町
60%
群馬県 富岡市
60%
埼玉県 行田市
60%
埼玉県 東松山市
60%
埼玉県 狭山市
60%
埼玉県 朝霞市
60%
埼玉県 新座市
60%
埼玉県 北本市
60%
埼玉県 三郷市
60%
埼玉県 幸手市
60%
埼玉県 吉川市
60%
埼玉県 白岡市
60%
埼玉県 小川町
60%
千葉県 銚子市
60%
千葉県 市川市
60%
千葉県 船橋市
60%
千葉県 松戸市
60%
千葉県 成田市
60%
千葉県 習志野市
60%
千葉県 柏市
60%
千葉県 市原市
60%
千葉県 我孫子市
60%
千葉県 四街道市
60%
千葉県 八街市
60%
東京都 千代田区
60%
東京都 中央区
60%
東京都 港区
60%
東京都 新宿区
60%
東京都 文京区
60%
東京都 台東区
60%
東京都 墨田区
60%
東京都 江東区
60%
東京都 品川区
60%
東京都 目黒区
60%
東京都 大田区
60%
東京都 世田谷区
60%
東京都 渋谷区
60%
東京都 中野区
60%
東京都 豊島区
60%
東京都 北区
60%
東京都 荒川区
60%
東京都 板橋区
60%
東京都 練馬区
60%
東京都 足立区
60%
東京都 葛飾区
60%
東京都 江戸川区
60%
東京都 八王子市
60%
東京都 立川市
60%
東京都 武蔵野市
60%
東京都 三鷹市
60%
東京都 青梅市
60%
東京都 府中市
60%
東京都 調布市
60%
東京都 日野市
60%
東京都 東村山市
60%
東京都 国分寺市
60%
東京都 国立市
60%
東京都 狛江市
60%
東京都 東久留米市
60%
東京都 武蔵村山市
60%
東京都 あきる野市
60%
東京都 西東京市
60%
神奈川県 大和市
60%
岐阜県 岐阜市
60%
岐阜県 大垣市
60%
岐阜県 高山市
60%
岐阜県 多治見市
60%
岐阜県 中津川市
60%
岐阜県 各務原市
60%
静岡県 静岡市
60%
静岡県 浜松市
60%
静岡県 沼津市
60%
静岡県 熱海市
60%
静岡県 富士宮市
60%
静岡県 島田市
60%
静岡県 富士市
60%
静岡県 磐田市
60%
静岡県 掛川市
60%
静岡県 藤枝市
60%
静岡県 御殿場市
60%
静岡県 湖西市
60%
愛知県 名古屋市
60%
愛知県 豊橋市
60%
愛知県 一宮市
60%
愛知県 春日井市
60%
愛知県 豊川市
60%
愛知県 津島市
60%
愛知県 碧南市
60%
愛知県 安城市
60%
愛知県 西尾市
60%
愛知県 蒲郡市
60%
愛知県 常滑市
60%
愛知県 小牧市
60%
愛知県 東海市
60%
愛知県 日進市
60%
愛知県 北名古屋市
60%
滋賀県 大津市
60%
京都府 京都市
60%
京都府 宇治市
60%
京都府 亀岡市
60%
京都府 長岡京市
60%
京都府 京田辺市
60%
大阪府 柏原市
60%
大阪府 高石市
60%
大阪府 東大阪市
60%
大阪府 泉南市
60%
大阪府 四條畷市
60%
大阪府 島本町
60%
大阪府 豊能町
60%
大阪府 忠岡町
60%
大阪府 田尻町
60%
兵庫県 神戸市
60%
兵庫県 姫路市
60%
兵庫県 尼崎市
60%
兵庫県 明石市
60%
兵庫県 西宮市
60%
兵庫県 芦屋市
60%
兵庫県 豊岡市
60%
兵庫県 加古川市
60%
兵庫県 宝塚市
60%
兵庫県 高砂市
60%
兵庫県 川西市
60%
兵庫県 加西市
60%
兵庫県 加東市
60%
兵庫県 播磨町
60%
奈良県 奈良市
60%
奈良県 大和高田市
60%
奈良県 大和郡山市
60%
奈良県 天理市
60%
奈良県 橿原市
60%
奈良県 桜井市
60%
奈良県 五條市
60%
奈良県 生駒市
60%
和歌山県 和歌山市
60%
和歌山県 田辺市
60%
鳥取県 鳥取市
60%
鳥取県 米子市
60%
鳥取県 倉吉市
60%
鳥取県 境港市
60%
島根県 松江市
60%
島根県 浜田市
60%
島根県 出雲市
60%
島根県 安来市
60%
岡山県 岡山市
60%
岡山県 倉敷市
60%
岡山県 津山市
60%
岡山県 玉野市
60%
岡山県 笠岡市
60%
岡山県 総社市
60%
広島県 呉市
60%
広島県 三原市
60%
広島県 三次市
60%
広島県 廿日市市
60%
広島県 府中町
60%
山口県 下関市
60%
山口県 宇部市
60%
山口県 山口市
60%
山口県 防府市
60%
山口県 岩国市
60%
山口県 光市
60%
山口県 山陽小野田市
60%
徳島県 徳島市
60%
徳島県 鳴門市
60%
香川県 観音寺市
60%
愛媛県 大洲市
60%
愛媛県 伊予市
60%
福岡県 北九州市
60%
福岡県 福岡市
60%
福岡県 大牟田市
60%
福岡県 久留米市
60%
福岡県 飯塚市
60%
福岡県 田川市
60%
福岡県 行橋市
60%
福岡県 筑紫野市
60%
福岡県 春日市
60%
福岡県 糸島市
60%
佐賀県 佐賀市
60%
佐賀県 唐津市
60%
佐賀県 鳥栖市
60%
佐賀県 伊万里市
60%
佐賀県 武雄市
60%
佐賀県 鹿島市
60%
長崎県 長崎市
60%
長崎県 佐世保市
60%
長崎県 島原市
60%
長崎県 諫早市
60%
長崎県 大村市
60%
熊本県 熊本市
60%
大分県 大分市
60%
大分県 別府市
60%
大分県 佐伯市
60%
宮崎県 宮崎市
60%
宮崎県 都城市
60%
宮崎県 延岡市
60%
宮崎県 小林市
60%
宮崎県 日向市
60%
鹿児島県 霧島市
60%
鹿児島県 姶良市
60%
沖縄県 那覇市
60%
沖縄県 沖縄市
60%
北海道 倶知安町
53%
青森県 黒石市
53%
青森県 三沢市
53%
山形県 南陽市
53%
福島県 喜多方市
53%
福島県 南相馬市
53%
茨城県 下妻市
53%
茨城県 常陸太田市
53%
茨城県 神栖市
53%
茨城県 大洗町
53%
栃木県 矢板市
53%
群馬県 みどり市
53%
埼玉県 鴻巣市
53%
埼玉県 入間市
53%
埼玉県 志木市
53%
埼玉県 和光市
53%
埼玉県 坂戸市
53%
埼玉県 鶴ヶ島市
53%
埼玉県 日高市
53%
千葉県 木更津市
53%
千葉県 旭市
53%
千葉県 流山市
53%
千葉県 八千代市
53%
千葉県 鎌ケ谷市
53%
千葉県 印西市
53%
東京都 杉並区
53%
東京都 昭島市
53%
東京都 町田市
53%
東京都 小平市
53%
東京都 福生市
53%
東京都 東大和市
53%
東京都 清瀬市
53%
東京都 多摩市
53%
東京都 稲城市
53%
東京都 羽村市
53%
東京都 瑞穂町
53%
神奈川県 横浜市
53%
神奈川県 川崎市
53%
神奈川県 相模原市
53%
神奈川県 横須賀市
53%
神奈川県 平塚市
53%
神奈川県 鎌倉市
53%
神奈川県 藤沢市
53%
神奈川県 小田原市
53%
神奈川県 茅ヶ崎市
53%
神奈川県 逗子市
53%
神奈川県 三浦市
53%
神奈川県 厚木市
53%
神奈川県 伊勢原市
53%
新潟県 新潟市
53%
新潟県 長岡市
53%
新潟県 三条市
53%
新潟県 柏崎市
53%
新潟県 新発田市
53%
新潟県 小千谷市
53%
新潟県 村上市
53%
新潟県 燕市
53%
新潟県 上越市
53%
新潟県 南魚沼市
53%
富山県 富山市
53%
富山県 高岡市
53%
富山県 氷見市
53%
富山県 砺波市
53%
富山県 小矢部市
53%
富山県 射水市
53%
石川県 金沢市
53%
石川県 小松市
53%
福井県 福井市
53%
福井県 敦賀市
53%
福井県 鯖江市
53%
福井県 越前市
53%
福井県 坂井市
53%
山梨県 甲府市
53%
長野県 長野市
53%
長野県 松本市
53%
長野県 上田市
53%
長野県 飯田市
53%
長野県 塩尻市
53%
長野県 安曇野市
53%
岐阜県 関市
53%
岐阜県 瑞浪市
53%
岐阜県 羽島市
53%
岐阜県 恵那市
53%
岐阜県 美濃加茂市
53%
岐阜県 可児市
53%
岐阜県 瑞穂市
53%
岐阜県 岐南町
53%
静岡県 三島市
53%
静岡県 伊東市
53%
静岡県 焼津市
53%
静岡県 袋井市
53%
静岡県 裾野市
53%
静岡県 伊豆の国市
53%
静岡県 吉田町
53%
愛知県 岡崎市
53%
愛知県 瀬戸市
53%
愛知県 半田市
53%
愛知県 刈谷市
53%
愛知県 豊田市
53%
愛知県 犬山市
53%
愛知県 稲沢市
53%
愛知県 大府市
53%
愛知県 知立市
53%
愛知県 尾張旭市
53%
愛知県 高浜市
53%
愛知県 岩倉市
53%
愛知県 豊明市
53%
愛知県 みよし市
53%
愛知県 あま市
53%
愛知県 長久手市
53%
三重県 津市
53%
三重県 四日市市
53%
三重県 伊勢市
53%
三重県 松阪市
53%
三重県 桑名市
53%
三重県 鈴鹿市
53%
三重県 名張市
53%
三重県 伊賀市
53%
滋賀県 彦根市
53%
滋賀県 長浜市
53%
滋賀県 草津市
53%
滋賀県 栗東市
53%
滋賀県 野洲市
53%
滋賀県 湖南市
53%
滋賀県 東近江市
53%
京都府 福知山市
53%
京都府 舞鶴市
53%
京都府 綾部市
53%
京都府 城陽市
53%
京都府 向日市
53%
京都府 八幡市
53%
京都府 木津川市
53%
京都府 大山崎町
53%
大阪府 大東市
53%
大阪府 交野市
53%
大阪府 太子町
53%
兵庫県 洲本市
53%
兵庫県 伊丹市
53%
兵庫県 赤穂市
53%
兵庫県 西脇市
53%
兵庫県 三木市
53%
兵庫県 小野市
53%
兵庫県 たつの市
53%
兵庫県 猪名川町
53%
奈良県 御所市
53%
和歌山県 海南市
53%
和歌山県 新宮市
53%
島根県 益田市
53%
岡山県 高梁市
53%
岡山県 赤磐市
53%
岡山県 早島町
53%
広島県 竹原市
53%
広島県 大竹市
53%
広島県 東広島市
53%
広島県 海田町
53%
山口県 萩市
53%
山口県 下松市
53%
山口県 柳井市
53%
山口県 周南市
53%
徳島県 小松島市
53%
徳島県 阿南市
53%
徳島県 藍住町
53%
香川県 坂出市
53%
香川県 善通寺市
53%
香川県 さぬき市
53%
香川県 宇多津町
53%
香川県 多度津町
53%
愛媛県 八幡浜市
53%
愛媛県 東温市
53%
高知県 土佐市
53%
福岡県 柳川市
53%
福岡県 大野城市
53%
福岡県 太宰府市
53%
福岡県 古賀市
53%
佐賀県 小城市
53%
長崎県 五島市
53%
熊本県 八代市
53%
熊本県 人吉市
53%
熊本県 荒尾市
53%
熊本県 水俣市
53%
熊本県 天草市
53%
大分県 日田市
53%
大分県 臼杵市
53%
宮崎県 日南市
53%
沖縄県 浦添市
53%
沖縄県 豊見城市
53%
北海道 美唄市
47%
北海道 当別町
47%
北海道 七飯町
47%
北海道 八雲町
47%
北海道 新ひだか町
47%
北海道 芽室町
47%
北海道 釧路町
47%
岩手県 矢巾町
47%
宮城県 七ヶ浜町
47%
茨城県 那珂市
47%
茨城県 坂東市
47%
茨城県 かすみがうら市
47%
群馬県 大泉町
47%
埼玉県 蓮田市
47%
埼玉県 伊奈町
47%
埼玉県 滑川町
47%
埼玉県 嵐山町
47%
埼玉県 松伏町
47%
千葉県 館山市
47%
千葉県 茂原市
47%
千葉県 君津市
47%
千葉県 袖ケ浦市
47%
千葉県 白井市
47%
千葉県 富里市
47%
千葉県 香取市
47%
東京都 小金井市
47%
神奈川県 海老名市
47%
神奈川県 座間市
47%
神奈川県 南足柄市
47%
神奈川県 綾瀬市
47%
神奈川県 大磯町
47%
神奈川県 二宮町
47%
新潟県 加茂市
47%
新潟県 十日町市
47%
新潟県 見附市
47%
新潟県 糸魚川市
47%
新潟県 妙高市
47%
富山県 魚津市
47%
石川県 七尾市
47%
石川県 加賀市
47%
石川県 羽咋市
47%
石川県 白山市
47%
石川県 能美市
47%
石川県 野々市市
47%
福井県 小浜市
47%
福井県 大野市
47%
福井県 勝山市
47%
福井県 永平寺町
47%
山梨県 富士吉田市
47%
山梨県 甲斐市
47%
長野県 諏訪市
47%
長野県 茅野市
47%
長野県 佐久市
47%
岐阜県 土岐市
47%
岐阜県 飛騨市
47%
岐阜県 笠松町
47%
静岡県 菊川市
47%
静岡県 函南町
47%
静岡県 長泉町
47%
愛知県 江南市
47%
愛知県 新城市
47%
愛知県 知多市
47%
愛知県 清須市
47%
愛知県 弥富市
47%
愛知県 大治町
47%
愛知県 東浦町
47%
三重県 尾鷲市
47%
三重県 亀山市
47%
滋賀県 近江八幡市
47%
滋賀県 守山市
47%
滋賀県 甲賀市
47%
京都府 宮津市
47%
京都府 精華町
47%
大阪府 藤井寺市
47%
大阪府 熊取町
47%
大阪府 河南町
47%
兵庫県 相生市
47%
兵庫県 三田市
47%
兵庫県 稲美町
47%
奈良県 香芝市
47%
奈良県 斑鳩町
47%
奈良県 田原本町
47%
奈良県 王寺町
47%
和歌山県 有田市
47%
和歌山県 御坊市
47%
岡山県 井原市
47%
広島県 坂町
47%
徳島県 吉野川市
47%
愛媛県 砥部町
47%
福岡県 直方市
47%
福岡県 八女市
47%
福岡県 筑後市
47%
福岡県 小郡市
47%
福岡県 宗像市
47%
福岡県 福津市
47%
福岡県 新宮町
47%
熊本県 玉名市
47%
熊本県 山鹿市
47%
熊本県 菊池市
47%
熊本県 宇土市
47%
熊本県 宇城市
47%
熊本県 合志市
47%
熊本県 菊陽町
47%
宮崎県 西都市
47%
宮崎県 高鍋町
47%
鹿児島県 指宿市
47%
鹿児島県 いちき串木野市
47%
沖縄県 宜野湾市
47%
沖縄県 石垣市
47%
沖縄県 名護市
47%
沖縄県 糸満市
47%
沖縄県 うるま市
47%
沖縄県 宮古島市
47%
沖縄県 北谷町
47%
北海道 余市町
40%
北海道 遠軽町
40%
宮城県 柴田町
40%
宮城県 松島町
40%
栃木県 野木町
40%
栃木県 高根沢町
40%
埼玉県 杉戸町
40%
千葉県 東金市
40%
千葉県 富津市
40%
千葉県 酒々井町
40%
神奈川県 秦野市
40%
神奈川県 葉山町
40%
神奈川県 寒川町
40%
神奈川県 開成町
40%
新潟県 五泉市
40%
新潟県 阿賀野市
40%
富山県 滑川市
40%
石川県 輪島市
40%
福井県 あわら市
40%
山梨県 山梨市
40%
山梨県 中央市
40%
長野県 岡谷市
40%
長野県 須坂市
40%
長野県 伊那市
40%
長野県 中野市
40%
長野県 千曲市
40%
岐阜県 北方町
40%
愛知県 田原市
40%
愛知県 愛西市
40%
愛知県 東郷町
40%
愛知県 豊山町
40%
愛知県 蟹江町
40%
三重県 川越町
40%
京都府 南丹市
40%
京都府 久御山町
40%
奈良県 葛城市
40%
奈良県 三郷町
40%
奈良県 広陵町
40%
高知県 四万十市
40%
福岡県 大川市
40%
福岡県 中間市
40%
福岡県 那珂川市
40%
福岡県 篠栗町
40%
福岡県 志免町
40%
福岡県 粕屋町
40%
長崎県 長与町
40%
長崎県 時津町
40%
熊本県 益城町
40%
大分県 津久見市
40%
鹿児島県 枕崎市
40%
鹿児島県 日置市
40%
鹿児島県 奄美市
40%
沖縄県 読谷村
40%
沖縄県 嘉手納町
40%
沖縄県 南風原町
40%
北海道 幕別町
33%
宮城県 大河原町
33%
宮城県 大和町
33%
茨城県 結城市
33%
群馬県 玉村町
33%
埼玉県 三芳町
33%
埼玉県 鳩山町
33%
埼玉県 上里町
33%
埼玉県 宮代町
33%
神奈川県 大井町
33%
神奈川県 湯河原町
33%
神奈川県 愛川町
33%
石川県 津幡町
33%
石川県 内灘町
33%
山梨県 都留市
33%
山梨県 上野原市
33%
長野県 駒ヶ根市
33%
岐阜県 垂井町
33%
静岡県 牧之原市
33%
愛知県 大口町
33%
愛知県 阿久比町
33%
愛知県 武豊町
33%
愛知県 幸田町
33%
徳島県 北島町
33%
高知県 香美市
33%
佐賀県 神埼市
33%
佐賀県 基山町
33%
熊本県 大津町
33%
沖縄県 中城村
33%
沖縄県 西原町
33%
沖縄県 与那原町
33%
北海道 岩内町
27%
北海道 上富良野町
27%
北海道 美幌町
27%
宮城県 亘理町
27%
山形県 河北町
27%
茨城県 境町
27%
茨城県 利根町
27%
千葉県 大網白里市
27%
神奈川県 松田町
27%
岐阜県 神戸町
27%
愛知県 扶桑町
27%
三重県 菰野町
27%
奈良県 上牧町
27%
奈良県 河合町
27%
和歌山県 湯浅町
27%
福岡県 朝倉市
27%
福岡県 宇美町
27%
福岡県 須恵町
27%
福岡県 水巻町
27%
福岡県 苅田町
27%
宮崎県 門川町
27%
沖縄県 八重瀬町
27%
山形県 山辺町
20%
埼玉県 毛呂山町
20%
長野県 下諏訪町
20%
三重県 東員町
20%
福岡県 芦屋町
20%
福岡県 岡垣町
20%
北海道 栗山町
13%
千葉県 栄町
13%
東京都 特別区部
0%
No matching quizzes found
Score Distribution
Percent of People with Each Score
Percentile by Number Answered
Your Score History
You have not taken this quiz